[Event "Sharjah Blitz op 27th"]
[Site "Sharjah"]
[Date "2022.04.08"]
[Round "1"]
[White "Lokesh, Ravichandran"]
[Black "Wahib, Jafer"]
[Result "0-1"]
[WhiteElo "1131"]
[BlackElo "2205"]
[PlyCount "56"]
[EventDate "2022.04.08"]
[EventType "swiss (blitz)"]
[EventRounds "9"]
[EventCountry "UAE"]
[SourceTitle "CBM 207 Extra"]
[Source "ChessBase"]
[SourceDate "2022.05.31"]
[SourceVersion "1"]
[SourceVersionDate "2022.05.31"]
[SourceQuality "1"]

1. e4 c5 2. Nf3 Nc6 3. d4 cxd4 4. Nxd4 g6 5. Nc3 Bg7 6. Be3 Nf6 7. Bc4 0-0 8. 0-0 Nxe4 9. Nxc6 bxc6 10. Nxe4 d5 11. Bxd5 cxd5 12. Ng3 Bxb2 13. Rb1 Bg7 14. Bd4 e5 15. Bc5 Re8 16. a3 Be6 17. Re1 Qc7 18. Bb4 Rac8 19. Rc1 a5 20. Bd2 f5 21. Ne2 d4 22. c3 d3 23. Ng3 e4 24. f3 Bd5 25. fxe4 fxe4 26. Qa4 Kh8 27. Nxe4 Bc6 28. Nf2 Bxa4 0-1